|
|
|
|
| LEADER |
00000nam0a2200000 4500 |
| 001 |
681432 |
| 005 |
20250827163757.0 |
| 029 |
1 |
0 |
|a RU
|b 2812404 C1
|c Патент
|d МПК B28B 15/00, B28C 9/00, B28B 1/087
|
| 039 |
0 |
|
|a RU
|b 2023119425
|c 20230724
|
| 090 |
|
|
|a 681432
|
| 100 |
|
|
|a 20250827j20240130k||y0rusy50 ca
|
| 101 |
0 |
|
|a rus
|
| 102 |
|
|
|a RU
|
| 105 |
|
|
|a y k 000yy
|
| 135 |
|
|
|a drgn ---uucaa
|
| 181 |
|
0 |
|a i
|b e
|
| 182 |
|
0 |
|a b
|
| 183 |
|
0 |
|a cr
|2 RDAcarrier
|
| 200 |
1 |
|
|a Установка для изготовления панелей ангидритовых отделочных
|e № 2023119425
|e заявлено 24.07.2023
|e опубликовано 30.01.2024
|f Федорчук Юрий Митрофанович, Рыбин Александр Сергеевич, Данекер Валерий Аркадьевич [и др.]
|g заявитель Федеральное государственное автономное образовательное учреждение высшего образования "Национальный исследовательский Томский политехнический университет"
|
| 203 |
|
|
|a Текст
|b визуальный
|c электронный
|
| 215 |
|
|
|a 1 файл
|
| 283 |
|
|
|a online_resource
|2 RDAcarrier
|
| 330 |
|
|
|a Изобретение относится к изготовлению панелей ангидритовых отделочных и может быть использовано в строительной сфере
|
| 336 |
|
|
|a Текстовый файл
|
| 610 |
1 |
|
|a труды учёных ТПУ
|
| 610 |
1 |
|
|a электронный ресурс
|
| 610 |
1 |
|
|a изобретения
|
| 610 |
1 |
|
|a патенты
|
| 679 |
0 |
|
|2 ipc
|a B28B 15/00 (2006.01)
|
| 679 |
0 |
|
|2 ipc
|a B28C 9/00 (2006.01)
|
| 679 |
0 |
|
|2 ipc
|a B28B 1/087 (2006.01)
|
| 679 |
0 |
|
|2 cpc
|a B28B 15/00 (2023.08)
|
| 679 |
0 |
|
|2 cpc
|a B28B 1/087 (2023.08)
|
| 679 |
0 |
|
|2 cpc
|a B28C 9/00 (2023.08)
|
| 679 |
0 |
|
|2 cpc
|a B28B 15/005 (2023.08)
|
| 702 |
|
1 |
|a Федорчук
|b Ю. М.
|c специалист в области экологии и безопасности жизнедеятельности
|c профессор Томского политехнического университета, доктор технических наук
|f 1948-
|g Юрий Митрофанович
|4 584
|9 11995
|
| 702 |
|
1 |
|a Рыбин
|b А. С.
|g Александр Сергеевич
|4 584
|
| 702 |
|
1 |
|a Данекер
|b В. А.
|c специалист в области дистанционного образования, специалист в области электротехники
|c заместитель директора института, доцент Томского политехнического университета, кандидат технических наук
|f 1954-
|g Валерий Аркадьевич
|4 584
|9 12544
|
| 702 |
|
1 |
|a Леонова
|b Л. А.
|c химик-технолог
|c доцент Томского политехнического университета, кандидат технических наук
|c девичья фамилия Филатова
|f 1983-
|g Лилия Александровна
|4 584
|9 11728
|
| 702 |
|
1 |
|a Грицай
|b С. И.
|g Сергей Иванович
|4 584
|
| 702 |
|
1 |
|a Носова
|b М. В.
|g Мария Владимировна
|4 584
|
| 712 |
0 |
2 |
|a Национальный исследовательский Томский политехнический университет
|c (2009- )
|4 587
|9 26305
|
| 801 |
|
0 |
|a RU
|b 63413507
|c 20250827
|g RCR
|
| 856 |
4 |
|
|u https://www.fips.ru/cdfi/fips.dll/ru?ty=29&docid=2812404
|z https://www.fips.ru/cdfi/fips.dll/ru?ty=29&docid=2812404
|
| 942 |
|
|
|c CF
|